[Event "Asia zt 3.2"]
[Site "Dhaka"]
[Date "2023.05.09"]
[Round "8"]
[White "Jaiswal, Rupesh"]
[Black "Marzouq, Chowdhury"]
[Result "1-0"]
[WhiteElo "2145"]
[BlackElo "1783"]
[PlyCount "89"]
[EventDate "2023.05.02"]
[EventType "swiss"]
[EventRounds "9"]
[EventCountry "BAN"]
[SourceTitle "CBM 214 Extra"]
[Source "ChessBase"]
[SourceDate "2023.07.31"]
[SourceVersion "1"]
[SourceVersionDate "2023.07.31"]
[SourceQuality "1"]

1. e4 c5 2. Nf3 d6 3. Bb5+ Nd7 4. a4 Ngf6 5. Nc3 g6 6. 0-0 Bg7 7. Re1 0-0 8. a5 a6 9. Bf1 b5 10. axb6 Bb7 11. d3 Qxb6 12. Nd2 Ne5 13. h3 Qc7 14. f4 Nc6 15. Ne2 Nd7 16. c3 a5 17. Qc2 Nb6 18. Nc4 Nxc4 19. dxc4 Nb8 20. Bd2 Nd7 21. b3 Bc6 22. Ra3 Rfb8 23. Ng3 Qb7 24. Rea1 h5 25. Bd3 Nf6 26. Re1 Nd7 27. Rea1 Qc7 28. Nf1 Ra7 29. Qd1 Nf6 30. Qe2 Qb7 31. Re1 Nd7 32. Bb1 a4 33. b4 cxb4 34. cxb4 Qb6+ 35. Kh1 Raa8 36. Ba2 Nf6 37. Re3 Bh6 38. e5 Bxf4 39. exf6 Bxe3 40. Nxe3 exf6 41. Qd3 Re8 42. c5 Qb7 43. Qxg6+ Kf8 44. Qh6+ Kg8 45. Nf5 1-0

[Event "Asia zt 3.2"]
[Site "Dhaka"]
[Date "2023.05.02"]
[Round "1"]
[White "Jaiswal, Rupesh"]
[Black "Kazi Afsan Rawnak, Anan"]
[Result "1-0"]
[WhiteElo "2145"]
[BlackElo "1784"]
[PlyCount "93"]
[EventDate "2023.05.02"]
[EventType "swiss"]
[EventRounds "9"]
[EventCountry "BAN"]
[SourceTitle "CBM 214 Extra"]
[Source "ChessBase"]
[SourceDate "2023.07.31"]
[SourceVersion "1"]
[SourceVersionDate "2023.07.31"]
[SourceQuality "1"]

1. e4 c5 2. Nf3 d6 3. Bb5+ Nd7 4. a4 a6 5. Be2 g6 6. 0-0 Bg7 7. Nc3 e6 8. d4 cxd4 9. Nxd4 Ne7 10. a5 Qc7 11. Nb3 Nc6 12. Bf4 Nde5 13. Qd2 0-0 14. Rfd1 Rd8 15. Be3 Nd7 16. Qxd6 Qxd6 17. Rxd6 Be5 18. Rd2 Nf6 19. Rxd8+ Nxd8 20. Bd4 Bxd4 21. Nxd4 e5 22. Nb3 Be6 23. Nc5 Rc8 24. Nxe6 Nxe6 25. Ra4 Nd4 26. Bd3 g5 27. f3 Kf8 28. Kf2 Rc5 29. Rb4 Rc7 30. Ke3 Nh5 31. g3 Kg7 32. Rb6 Rc5 33. Rxb7 Rxa5 34. Ne2 Nc6 35. Rb6 Ne7 36. Rxa6 Rxa6 37. Bxa6 Nc6 38. Bb7 Nd8 39. Bd5 Nf6 40. c4 Kf8 41. c5 Ke7 42. b4 Nd7 43. Kd3 Ne6 44. Bxe6 Kxe6 45. Kc4 Nb8 46. b5 Kd7 47. Kd5 1-0

[Event "NEP-ch"]
[Site "Kathmandu"]
[Date "2023.04.22"]
[Round "7"]
[White "Jaiswal, Rupesh"]
[Black "Bhandari, Kshitiz"]
[Result "1/2-1/2"]
[WhiteElo "2153"]
[BlackElo "2031"]
[PlyCount "72"]
[EventDate "2023.04.18"]
[EventType "tourn"]
[EventRounds "9"]
[EventCountry "NEP"]
[SourceTitle "EXT 2024"]
[Source "ChessBase"]
[SourceDate "2023.10.10"]
[SourceVersion "1"]
[SourceVersionDate "2023.10.10"]
[SourceQuality "1"]

1. e4 c5 2. Nf3 d6 3. Bb5+ Bd7 4. Bxd7+ Qxd7 5. c4 Nc6 6. Nc3 g6 7. d4 cxd4 8. Nxd4 Bg7 9. Be3 Nf6 10. f3 0-0 11. 0-0 Rfc8 12. b3 Qd8 13. Qd2 Nd7 14. Rac1 a6 15. Rfd1 Bxd4 16. Bxd4 Nxd4 17. Qxd4 Qb6 18. Qxb6 Nxb6 19. Nd5 Nxd5 20. cxd5 Kf8 21. Kf2 Ke8 22. Ke2 Kd7 23. Kd2 h6 24. Rxc8 Rxc8 25. Rc1 Rxc1 26. Kxc1 b6 27. Kd2 e5 28. b4 b5 29. Ke3 Ke7 30. g4 g5 31. h3 f6 32. a3 Kf8 33. Ke2 Kg8 34. Ke3 Kf8 35. Ke2 Kg8 36. Ke3 Kf8 1/2-1/2

[Event "NEP-ch"]
[Site "Kathmandu"]
[Date "2023.04.22"]
[Round "8"]
[White "Karki, Rajiv"]
[Black "Jaiswal, Rupesh"]
[Result "0-1"]
[WhiteElo "1773"]
[BlackElo "2153"]
[PlyCount "125"]
[EventDate "2023.04.18"]
[EventType "tourn"]
[EventRounds "9"]
[EventCountry "NEP"]
[SourceTitle "EXT 2024"]
[Source "ChessBase"]
[SourceDate "2023.10.10"]
[SourceVersion "1"]
[SourceVersionDate "2023.10.10"]
[SourceQuality "1"]

1. e4 c5 2. Nc3 d6 3. f4 g6 4. Nf3 Bg7 5. Bb5+ Bd7 6. Bc4 Nc6 7. d3 e6 8. 0-0 Nge7 9. Qe1 0-0 10. Qh4 Nd4 11. Bb3 Nec6 12. Qh3 b5 13. f5 Nxf3+ 14. Rxf3 exf5 15. exf5 Nd4 16. Bd5 Rb8 17. g4 Nxf3+ 18. Qxf3 gxf5 19. gxf5 Bd4+ 20. Kh1 Qf6 21. Be4 Bxc3 22. bxc3 d5 23. Bxd5 Qxf5 24. Bf4 Rb6 25. Be4 Qh3 26. Bg3 Qg4 27. Qg2 Bf5 28. Bxf5 Qxf5 29. Bd6+ Qg6 30. Bxf8 Qxg2+ 31. Kxg2 Kxf8 32. a4 Ra6 33. a5 Re6 34. Kf3 a6 35. Rg1 Rh6 36. Rg5 Rxh2 37. Rxc5 Kg7 38. Rc6 Rh6 39. Rxh6 Kxh6 40. Ke4 Kg6 41. Ke5 f6+ 42. Kd6 h5 43. c4 bxc4 44. dxc4 h4 45. c5 h3 46. c6 h2 47. c7 h1Q 48. c8Q Qd1+ 49. Ke7 Qe1+ 50. Qe6 Qb4+ 51. Qd6 Qe4+ 52. Qe6 Qe5 53. c4 Qc7+ 54. Kf8 Qxa5 55. Qg4+ Kh6 56. Qh4+ Kg6 57. Qg4+ Qg5 58. Qxg5+ fxg5 59. c5 Kf6 60. Ke8 Ke6 61. Kd8 Kd5 62. Ke8 Ke5 63. c6 0-1

[Event "NEP-ch"]
[Site "Kathmandu"]
[Date "2023.04.20"]
[Round "3"]
[White "Jaiswal, Rupesh"]
[Black "Chaulagain, Purushottam"]
[Result "1-0"]
[WhiteElo "2153"]
[BlackElo "1982"]
[PlyCount "105"]
[EventDate "2023.04.18"]
[EventType "tourn"]
[EventRounds "9"]
[EventCountry "NEP"]
[SourceTitle "EXT 2024"]
[Source "ChessBase"]
[SourceDate "2023.10.10"]
[SourceVersion "1"]
[SourceVersionDate "2023.10.10"]
[SourceQuality "1"]

1. e4 c5 2. Nf3 e6 3. g3 Nc6 4. Bg2 Nf6 5. Qe2 e5 6. 0-0 Be7 7. c3 0-0 8. Na3 Re8 9. d3 h6 10. Nc4 Bf8 11. Ne3 d5 12. exd5 Nxd5 13. Nxd5 Qxd5 14. Nd2 Qd8 15. Rd1 Bf5 16. Ne4 Qd7 17. Bxh6 Bg4 18. f3 Bh3 19. Bxh3 Qxh3 20. Be3 b6 21. g4 Ne7 22. Bf2 Nd5 23. Bg3 Rad8 24. a3 f5 25. Nf2 Qh6 26. gxf5 Qg5 27. Ng4 Qxf5 28. Qe4 Qg5 29. Re1 Nf4 30. Rad1 Bd6 31. Bxf4 exf4 32. Qc4+ Kf8 33. Re6 Qf5 34. Re4 Bc7 35. Rde1 Rxe4 36. Rxe4 Qd7 37. Nf2 Bd6 38. Qd5 Qf7 39. Qg5 Bc7 40. Qh4 Kg8 41. Re7 Qg6+ 42. Kf1 Bb8 43. Rxg7+ Kxg7 44. Qxd8 Bd6 45. Qd7+ Kh6 46. Ne4 Be5 47. Qh3+ Kg7 48. Qg4 Kh6 49. h4 a5 50. Kg2 Bc7 51. Kh3 Be5 52. Qxg6+ Kxg6 53. Kg4 1-0